Logo BPK

Biblioteka

Politechniki Koszalińskiej

Accounting / (Rekord nr 32722)

Szczegóły MARC
000 -ETYKIETA REKORDU
podpole kontrolne o stałej długości 00715nam a2200265 i 4500
001 - NUMER KONTROLNY REKORDU
pole kontrolne bg
020 ## - MIĘDZYNARODOWY ZNORMALIZOWANY NUMER KSIĄŻKI - ISBN
ISBN 0140816240
040 ## - ŹRÓDŁO KATALOGOWANIA
Instytucja, która utworzyła rekord BPK
041 0# - KOD JĘZYKA
Kod języka tekstu en
080 ## - UNIWERSALNA KLASYFIKACJA DZIESIĘTNA - UKD
UKD 811.111(075.8):657
920 ## - Międzynarodowy znormalizowany numer książki – ISBN
ISBN 0-14-081624-0
008 - POLE O STAŁEJ DŁUGOŚCI - DANE KONTROLNE
podpole kontrolne o stałej długości s pl f |000 0 pol
100 1# - NAZWA OSOBOWA
Nazwa osobowa POHL, Alison
245 10 - TYTUŁ/ODPOWIEDZIALNOŚĆ
Tytuł Accounting /
Pozostałe elementy strefy tytułu i oznaczenia odpowiedzialności Alison Pohl.
260 ## - STREFA ADRESU WYDAWNICZEGO
Miejsce wydania London :
Nazwa wydawcy/dystrybutora Penguin Books,
Data publikacji, dystrybucji/powstania dokumentu 1997.
300 ## - STREFA OPISU FIZYCZNEGO
Objętość 86, [6] s. :
Inne cechy fizyczne rys., wykr. ;
Rozmiary 23 cm.
490 1# - STREFA SERII I DOKUMENTU WIELOCZĘŚCIOWEGO - FORMA NIE DO WYSZUKIWANIA
Tytuł i oznaczenie odpowiedzialności serii Test Your Business English
504 ## - UWAGA DOTYCZĄCA BIBLIOGRAFII
Informacje o bibliografii Index.
521 ## - UWAGA DOTYCZĄCA PRZEZNACZENIA CZYTELNICZEGO
Przeznaczenie czytelnicze For intermediate students.
650 #9 - HASŁO PRZEDMIOTOWE W FORMIE NAZWY OGÓLNEJ LUB JEDNOSTKOWEJ
Nazwa ogólna lub geograficzna Rachunkowość
Określnik ogólny słownictwo
650 #9 - HASŁO PRZEDMIOTOWE W FORMIE NAZWY OGÓLNEJ LUB JEDNOSTKOWEJ
Nazwa ogólna lub geograficzna Język angielski
655 ## - TERMIN INDEKSOWY - OKREŚLENIE RODZAJU/FORMY DOKUMENTU
Określenie rodzaju/formy dokumentu Podręczniki akademickie
830 ## - HASŁO DODATKOWE SERII LUB DOKUMENTU WIELOCZĘŚCIOWEGO - TYTUŁ UJEDNOLICONY
Tytuł ujednolicony Test Your Business English
856 ## - LOKALIZACJA I DOSTĘP DO ELEKTRONICZNYCH DOKUMENTÓW ZDALNYCH
Link (URL) http://koha.tu.koszalin.pl/cgi-bin/koha/opac-detail.pl?biblionumber=32722
Tekst linku Katalog online BPK
942 ## - DODATKOWE ELEMENTY (KOHA)
Typ dokumentu Książka
Egzemplarze
Wycofany Status egzemplarza Uszkodzony Dostępność Lokalizacja stała Lokalizacja bieżąca Miejsce przechowywania Sygnatura Kod kreskowy Ostatnio wypożyczono Typ dokumentu
      Dostępny Biblioteka Politechniki Koszalińskiej Biblioteka Politechniki Koszalińskiej Wypożyczalnia BG 42110 01291384 29.04.2015 Książka
© 2023 Biblioteka Politechniki Koszalińskiej :: KOHA